000 00503nam a2200181 i 4500
001 26655
003 ES-MaACL
005 20250702063037.0
007 t|
008 030110s1973 ag ||||1| spa d
100 1 _aAsturias, Miguel Ángel,
_d1899-1974
_923701
245 1 0 _aHombres de maíz /
_cMiguel Angel Asturias.
250 _a7ª ed.
260 _aBuenos Aires :
_bLosada,
_c[1973]
300 _a279 p. ;
_c20 cm.
852 _aES-MaACL
_jC-56699
_bR.89403
999 _c26655
_d26655